| 000 | 00540nam a2200169Ia 4500 | ||
|---|---|---|---|
| 003 | SGT | ||
| 020 | _a9780070151369 | ||
| 082 |
_a620.136 _bGAM |
||
| 100 | _aGambhir,M.L | ||
| 245 | _aConcrete technology | ||
| 250 | _a4th Ed. | ||
| 260 |
_bTata McGraw Hill Education Private Limited _aNew Delhi _c2011 |
||
| 300 | _a716p. | ||
| 650 | _aCIVIL ENGINEERING | ||
| 653 | _aCONCRETE AS CONSTRUCTION MATERIAL, CHEMICAL ADMIXTURE AND AND MINERAL ADDITIVES, PROPERTIES OF HARDENED CONCRETE, PROPORTIONING OF CONCRETE MIXES | ||
| 942 |
_2ddc _cBK _018 |
||
| 999 |
_c5271 _d5271 |
||